• 首页
  • 本馆介绍
  • 公告通知
  • 最新文献
  • 馆藏检索
  • 电子资源
  • 读者导购
  • 参考咨询
  • 我的图书馆
  • 登录
  • 详细信息显示
  • 放入我的书架
  • 预约/预借图书
  • 作者相关作品
  • 分类相关作品
  • 丛书相关作品
  • 出版社相关作品

书目信息

  • 表格格式
  • 工作单格式
  • 卡片格式
题名:
小岛喜和的咸戚风和甜戚风
    
 
作者: 小岛喜和
分册:  
出版信息: 杭州   浙江科学技术出版社  2013.12
页数: 111页
开本: 26cm
丛书名:
单 册:
中图分类: TS213.2
科图分类:
主题词: 粮食加工--食品工业 , 粮食加工
电子资源:
ISBN: 978-7-5341-5808-7
000 00663nam0 2200217 450
001 3432
005 20161102105312.59
010    @a978-7-5341-5808-7@b平装@dCNY39.00
100    @a20151001d2013 km y0chiy0120 ea
101 0  @achi
102    @aCN@b330000
200 1  @a小岛喜和的咸戚风和甜戚风@Axiao dao xi he de xian qi feng he tian qi feng@f(日)小岛喜和@F(ri)xiao dao xi he
210    @a杭州@c浙江科学技术出版社@d2013.12
215    @a111页@d26cm
330    @a蛋糕·制作
606 0  @a粮食加工@x食品工业
606 0  @a粮食加工
690    @aTS213.2@v4
701  0 @a小岛喜和@Axiao dao xi he
801  0 @aCN@b唐山师范学院图书馆@c20151001
905    @aZUCC@dTS213.2@e214
    
    小岛喜和的咸戚风和甜戚风/(日)小岛喜和.-杭州:浙江科学技术出版社,2013.12
    111页;26cm
    
    
    ISBN 978-7-5341-5808-7(平装):CNY39.00
    蛋糕·制作
●
相关链接 在E读中查询图书 在五车中查询图书 在当当中查询图书 在豆瓣中查询图书


正题名:小岛喜和的咸戚风和甜戚风     索取号:TS213.2/214         预约/预借

序号 登录号 条形码 馆藏地/架位号 状态 备注
1 905158   209051586   第二样本阅览室/ [索取号:TS213.2/214] 在馆    
2 905159   209051595   第三借阅区/ [索取号:TS213.2/214] 在馆    
3 905160   209051602   第三借阅区/ [索取号:TS213.2/214] 在馆    
4 905161   209051611   第三借阅区/ [索取号:TS213.2/214] 在馆    
5 905162   209051620   第三借阅区/ [索取号:TS213.2/214] 在馆    
唐山师范学院图书馆 欢迎您!
大连网信软件有限公司© 版权所有